Environmental chemistry / (Record no. 8441)

MARC details
000 -LEADER
fixed length control field 00586nam a22002052 4500
001 - CONTROL NUMBER
control field 0000013082
005 - DATE AND TIME OF LATEST TRANSACTION
control field 20151217152121.0
008 - FIXED-LENGTH DATA ELEMENTS--GENERAL INFORMATION
fixed length control field 090526s xx 000 0 eng d
020 ## - INTERNATIONAL STANDARD BOOK NUMBER
International Standard Book Number 0751404837 :
040 ## - CATALOGING SOURCE
Original cataloging agency KABU
Transcribing agency KABU
100 1# - MAIN ENTRY--PERSONAL NAME
Personal name O'Neill, Peter.
-- 0000170203
245 10 - TITLE STATEMENT
Title Environmental chemistry /
Statement of responsibility, etc. Peter O'Neill.
250 ## - EDITION STATEMENT
Edition statement 3rd ed.
260 ## - PUBLICATION, DISTRIBUTION, ETC. (IMPRINT)
Place of publication, distribution, etc. London :
Name of publisher, distributor, etc. Blackie Academic,
Date of publication, distribution, etc. 1998.
300 ## - PHYSICAL DESCRIPTION
Extent viii, 278 p.
650 #0 - SUBJECT ADDED ENTRY--TOPICAL TERM
Topical term or geographic name as entry element Environmental chemistry.
-- 0000154237
852 1# - LOCATION
-- p3580 KES
908 ## - PUT COMMAND PARAMETER (RLIN)
Put command parameter 090526
950 ## - LOCAL HOLDINGS (RLIN)
-- 1
Holdings
Withdrawn status Lost status Source of classification or shelving scheme Not for loan Home library Current library Date acquired Total Checkouts Full call number Barcode Date last seen Date last checked out Price effective from Koha item type
    Library of Congress Classification   Kabarak, Main Campus Kabarak, Main Campus 17/12/2015 1 TD193 .O54 1998 c. 1 17734 24/11/2023 16/11/2023 17/12/2015 General Collection
Designed with assistance from East African Informatics Ltd